000 00281nam a22001337a 4500
008 170713b xxu||||| |||| 00| 0 eng d
020 _a9780716750789
041 _aeng
080 _a61
100 _a3
101 _aSHM
245 _aCONSCIOUSNESS
_cHOBSON.J.A
942 _2udc
_cBK
999 _c20665
_d20665